Five point someone: (Record no. 26284)

MARC details
000 -LEADER
fixed length control field 00719 a2200205 4500
008 - FIXED-LENGTH DATA ELEMENTS--GENERAL INFORMATION
fixed length control field 090512t xxu||||| |||| 00| 0 eng d
010 ## - LCCN (DPL NO)
LC control number B-285048
020 ## - INTERNATIONAL STANDARD BOOK NUMBER
International Standard Book Number 9788129104595
Terms of availability 95.00
035 ## - SYSTEM CONTROL NUMBER
System control number B-285048,B-215280
037 ## - SOURCE OF ACQUISITION
Source of stock number/acquisition UBH
040 ## - CATALOGING SOURCE
Original cataloging agency dpl
Language of cataloging English
082 ## - DEWEY DECIMAL CLASSIFICATION NUMBER
Classification number N
100 ## - MAIN ENTRY--PERSONAL NAME
Personal name Bhagat, Chetan
9 (RLIN) 54510
245 ## - TITLE STATEMENT
Title Five point someone:
Statement of responsibility, etc by Chetan Bhagat
Remainder of title what not to do at IIT:a novel /
260 ## - PUBLICATION, DISTRIBUTION, ETC. (IMPRINT)
Place of publication, distribution, etc New Delhi
Name of publisher, distributor, etc Rupa & Co.
Date of publication, distribution, etc 2005
270 ## - ADDRESS
Address 7/16, Ansari Road, Darya Ganj
City New Delhi
Postal code 110002
300 ## - PHYSICAL DESCRIPTION
Extent 270p.
Dimensions 22cm. (pbk)
942 ## - ADDED ENTRY ELEMENTS (KOHA)
Institution code [OBSOLETE] dpl
Item type English Books
Source of classification or shelving scheme Dewey Decimal Classification
Classification part N
Call number suffix BHA
Holdings
Withdrawn status Lost status Source of classification or shelving scheme Damaged status Not for loan Collection code Home library Current library Date acquired Source of acquisition Cost, normal purchase price Total Checkouts Total Renewals Full call number Barcode Checked out Date last seen Copy number Cost, replacement price Koha item type
    Dewey Decimal Classification     Fiction Vigyan Vihar Vigyan Vihar 07/03/2019 BPPD/PUB 95.00     N BHA B-215280   07/03/2019   95.00 English Books
    Dewey Decimal Classification     Fiction Vinoba Puri Vinoba Puri 13/05/2009 UBH/143/25.8.08/187/21.7.08/29.8.08 95.00 15 8 N BHA B-285048 11/08/2010 28/07/2010 1 95.00 English Books

© Delhi Public Library
Hit Counter
free hit counter